MARC details
| 000 -LEADER |
| fixed length control field |
00925cam a22002414a 4500 |
| 020 ## - INTERNATIONAL STANDARD BOOK NUMBER |
| International Standard Book Number |
0072931477 (text : alk. paper) |
| 020 ## - INTERNATIONAL STANDARD BOOK NUMBER |
| International Standard Book Number |
0072976861 (pkg., includes CDROM) |
| 020 ## - INTERNATIONAL STANDARD BOOK NUMBER |
| International Standard Book Number |
0071111638 (international ed. : alk. paper) |
| 050 00 - LIBRARY OF CONGRESS CALL NUMBER |
| Classification number |
HD58.7 |
| Item number |
.M42 2005 |
| 100 1# - MAIN ENTRY--PERSONAL NAME |
| Personal name |
McShane, Steven Lattimore. |
| 245 10 - TITLE STATEMENT |
| Title |
Organizational behavior / |
| Statement of responsibility, etc. |
Steven L. McShane, Mary Ann Von Glinow. |
| 250 ## - EDITION STATEMENT |
| Edition statement |
3rd ed. |
| 260 ## - PUBLICATION, DISTRIBUTION, ETC. (IMPRINT) |
| Place of publication, distribution, etc. |
Boston : |
| Name of publisher, distributor, etc. |
McGraw-Hill Irwin, |
| Date of publication, distribution, etc. |
c2005. |
| 300 ## - PHYSICAL DESCRIPTION |
| Extent |
xxxii, 688 p. : |
| 500 ## - GENERAL NOTE |
| General note |
Subtitle on cover: Emerging realities for the workplace revolution. |
| 500 ## - GENERAL NOTE |
| General note |
Includes indexes. |
| 650 #0 - SUBJECT ADDED ENTRY--TOPICAL TERM |
| Topical term following geographic name as entry element |
Organizational behavior |
| 700 1# - ADDED ENTRY--PERSONAL NAME |
| Personal name |
Von Glinow, Mary Ann Young, |
| 856 42 - ELECTRONIC LOCATION AND ACCESS |
| Uniform Resource Identifier |
<a href="http://www.loc.gov/catdir/description/mh051/2003070638.html">http://www.loc.gov/catdir/description/mh051/2003070638.html</a> |
| 856 41 - ELECTRONIC LOCATION AND ACCESS |
| Uniform Resource Identifier |
<a href="http://www.loc.gov/catdir/toc/mh041/2003070638.html">http://www.loc.gov/catdir/toc/mh041/2003070638.html</a> |
| 856 42 - ELECTRONIC LOCATION AND ACCESS |
| Uniform Resource Identifier |
<a href="http://www.loc.gov/catdir/enhancements/fy0737/2003070638-b.html">http://www.loc.gov/catdir/enhancements/fy0737/2003070638-b.html</a> |
| 942 ## - ADDED ENTRY ELEMENTS (KOHA) |
| Koha item type |
General circulation |